• 首页
  • 本馆介绍
  • 公告通知
  • 最新文献
  • 馆藏检索
  • 电子资源
  • 读者导购
  • 参考咨询
  • 我的图书馆
  • 登录
  • 详细信息显示
  • 放入我的书架
  • 预约/预借图书
  • 作者相关作品
  • 分类相关作品
  • 丛书相关作品
  • 出版社相关作品

书目信息

  • 表格格式
  • 工作单格式
  • 卡片格式
题名:
中国古代笑话选注
    
 
作者: 王利器等选 注
分册:  
出版信息: 北京   北京出版社  1984.6
页数: 492页
开本: 20cm
丛书名:
单 册:
中图分类: I276.8
科图分类:
主题词: 民间文学--中国
电子资源:
ISBN:
000 00575nam0 2200205 45
001 0312221749
005 20040413110819.8
010    @dCNY1.60
091    @a10071.522
100    @a20031222d1984 km y0chiy0120 ea
101    @achi
105    @a z 000yy
200 1  @a中国古代笑话选注@AZhong Guo Gu Dai Xiao Hua Xuan Zhu@f王利器等选注@FWang Li Qi Deng Xuan Zhu
210    @a北京@c北京出版社@d1984.6
215    @a492页@d20cm
606 0  @a民间文学@x中国
690    @aI276.8@v3
701 0  @a王利器等选@4注
801    @aCN@bTSTCL@c20031222
905    @dI276.8@e42@f2@b114096-097
    
    中国古代笑话选注/王利器等选注.-北京:北京出版社,1984.6
    492页;20cm
    
    
    ISBN :CNY1.60
    
●
相关链接 在E读中查询图书 在五车中查询图书 在当当中查询图书 在豆瓣中查询图书


正题名:中国古代笑话选注     索取号:I276.8/42         预约/预借

序号 登录号 条形码 馆藏地/架位号 状态 备注
1 0114096   000037524   第二借阅区/ [索取号:I276.8/42] 在馆    
2 0114097   000037506   第二借阅区/ [索取号:I276.8/42] 在馆    
3 0114098   000037515   第一样本阅览室/ [索取号:I276.8/42] 在馆    
唐山师范学院图书馆 欢迎您!
大连网信软件有限公司© 版权所有